| 000 | 01067cam a22002775a 4500 | ||
|---|---|---|---|
| 001 | 42011 | ||
| 005 | 20170105102349.0 | ||
| 008 | 920513s1991 enk 000 0 eng | ||
| 010 | _a 92159759 | ||
| 020 | _a0521387302 | ||
| 040 |
_aDLC _cDLC _dDLC |
||
| 082 | _2530.1 ABL | ||
| 100 | 1 | _aAblowitz, Mark J. | |
| 245 | 1 | 0 |
_aSolitons, nonlinear evolution equations and inverse scattering _cM.J. Ablowitz and P.A. Clarkson. |
| 260 |
_aCambridge ; _aNew York : _bCambridge University Press, _c1991. |
||
| 300 |
_axii, 516 p. ; _c23 cm. |
||
| 440 | 0 |
_aLondon Mathematical Society lecture note series ; _v149 |
|
| 654 | _bEvolution equations, Nonlinear | ||
| 700 | 1 |
_aClarkson, Peter A., _d1957- |
|
| 856 | 4 | 1 |
_3Sample text _uhttp://www.loc.gov/catdir/samples/cam034/92159759.html |
| 856 | 4 | 2 |
_3Publisher description _uhttp://www.loc.gov/catdir/description/cam025/92159759.html |
| 856 | 4 | 1 |
_3Table of contents _uhttp://www.loc.gov/catdir/toc/cam027/92159759.html |
| 906 |
_a7 _bibc _corignew _d3 _encip _f19 _gy-gencatlg |
||
| 942 |
_2ddc _cBK |
||
| 999 |
_c11816 _d11816 |
||